Analýza marketingovej produkcie bioproduktov

Súčasná situácia bioprodukcie na Slovensku a v zahraničí. Využitie nástrojov marketingovej komunikácie v oblasti bioproduktov. Charakteristika biofarmy Agrokruh a jej marketingová komunikácia. Spôsob odbytu bioproduktov z biofarmy Agrokruh ku konečnému spotrebiteľovi.

Saved in:
Bibliographic Details
Main Author: Nižníková, Zuzana, 1986-
Other Authors: Bilohuščinová, Denisa
Format: Book Chapter
Language:Slovak
Subjects:
Tags: Add Tag
No Tags, Be the first to tag this record!

MARC

LEADER 00000nla a2200000 4500
001 0177974
005 20240502073027.5
041 0 |a slo 
044 |a SK 
245 1 0 |a Analýza marketingovej produkcie bioproduktov  |c Zuzana Nižníková, Denisa Bilohuščinová 
520 |a Súčasná situácia bioprodukcie na Slovensku a v zahraničí. Využitie nástrojov marketingovej komunikácie v oblasti bioproduktov. Charakteristika biofarmy Agrokruh a jej marketingová komunikácia. Spôsob odbytu bioproduktov z biofarmy Agrokruh ku konečnému spotrebiteľovi. 
610 2 0 |a Slovensko 
610 2 0 |a bioprodukty 
610 2 0 |a farmy 
610 2 0 |a spotrebitelia 
610 2 0 |a komunikácia marketingová 
100 1 |a Nižníková, Zuzana, 1986- 
700 1 |a Bilohuščinová, Denisa